<?xml version="1.0" encoding="UTF-8"?>
<record
    xmlns:xsi="http://www.w3.org/2001/XMLSchema-instance"
    xsi:schemaLocation="http://www.loc.gov/MARC21/slim http://www.loc.gov/standards/marcxml/schema/MARC21slim.xsd"
    xmlns="http://www.loc.gov/MARC21/slim">

  <leader>00694nam a22001937a 4500</leader>
  <datafield tag="999" ind1=" " ind2=" ">
    <subfield code="c">171681</subfield>
    <subfield code="d">171681</subfield>
  </datafield>
  <controlfield tag="005">20200117125234.0</controlfield>
  <datafield tag="010" ind1=" " ind2=" ">
    <subfield code="a">A-159796</subfield>
  </datafield>
  <datafield tag="020" ind1=" " ind2=" ">
    <subfield code="c">25.00</subfield>
    <subfield code="a">-</subfield>
  </datafield>
  <datafield tag="035" ind1=" " ind2=" ">
    <subfield code="a">A-159796</subfield>
  </datafield>
  <datafield tag="037" ind1=" " ind2=" ">
    <subfield code="b">BPPD/Pub.</subfield>
    <subfield code="a">-</subfield>
  </datafield>
  <datafield tag="082" ind1=" " ind2=" ">
    <subfield code="a">846</subfield>
  </datafield>
  <datafield tag="100" ind1=" " ind2=" ">
    <subfield code="a">&#x645;&#x631; &#x62A;&#x628;&#x6C1;: &#x639;&#x646;&#x648; &#x627; &#x646; &#x686;&#x634;&#x62A;&#x6CC; &#x627; &#x648; &#x631; &#x635;&#x63A;&#x64A;&#x631; &#x627; &#x62D;&#x633;&#x646;&#x6CC;</subfield>
  </datafield>
  <datafield tag="245" ind1=" " ind2=" ">
    <subfield code="a">&#x645;&#x6A9;&#x627; &#x62A;&#x64A;&#x628;  &#x627; &#x62D;&#x633;&#x646;</subfield>
    <subfield code="c">&#x645;&#x631; &#x62A;&#x628;&#x6C1;: &#x639;&#x646;&#x648; &#x627; &#x646; &#x686;&#x634;&#x62A;&#x6CC; &#x627; &#x648; &#x631; &#x635;&#x63A;&#x64A;&#x631; &#x627; &#x62D;&#x633;&#x646;&#x6CC;</subfield>
  </datafield>
  <datafield tag="246" ind1=" " ind2=" ">
    <subfield code="b">Makatib-e-Ahsan (Urdu)</subfield>
    <subfield code="a">Edited by Unwan Chishti &amp;Sagheer Ahsani</subfield>
  </datafield>
  <datafield tag="260" ind1=" " ind2=" ">
    <subfield code="a">N.Delhi</subfield>
    <subfield code="b">Modern Publishing House </subfield>
    <subfield code="c">1983 &#x621;</subfield>
  </datafield>
  <datafield tag="270" ind1=" " ind2=" ">
    <subfield code="a">9,Gola Market ,Darya ganj,</subfield>
    <subfield code="b">N.Delhi</subfield>
    <subfield code="e">2</subfield>
    <subfield code="k">-</subfield>
    <subfield code="l">-</subfield>
  </datafield>
  <datafield tag="300" ind1=" " ind2=" ">
    <subfield code="a">160 &#x635; </subfield>
    <subfield code="c">22 Cm(Hb)</subfield>
  </datafield>
  <datafield tag="942" ind1=" " ind2=" ">
    <subfield code="2">ddc</subfield>
    <subfield code="c">UR</subfield>
    <subfield code="h">846</subfield>
    <subfield code="m">&#x627; &#x62D; &#x633; </subfield>
  </datafield>
  <datafield tag="952" ind1=" " ind2=" ">
    <subfield code="0">0</subfield>
    <subfield code="1">0</subfield>
    <subfield code="4">0</subfield>
    <subfield code="7">0</subfield>
    <subfield code="8">NFIC</subfield>
    <subfield code="a">L</subfield>
    <subfield code="b">L</subfield>
    <subfield code="d">2020-01-17</subfield>
    <subfield code="e">BPPD/Ven.</subfield>
    <subfield code="g">25.00</subfield>
    <subfield code="l">0</subfield>
    <subfield code="o">846&#x627; &#x62D; &#x633; </subfield>
    <subfield code="p">A-159796</subfield>
    <subfield code="r">2020-01-17 00:00:00</subfield>
    <subfield code="t">1</subfield>
    <subfield code="v">25.00</subfield>
    <subfield code="y">UR</subfield>
  </datafield>
</record>
